Missing Word: Movie Title Middles (A-Z) Quiz Stats

 Plays Quiz Updated Feb 16, 2018

Challenge
Share
Tweet
Embed
Score 0/26 Timer 04:00
1 Play Today
Hint Answer % Correct
Alice ___ Wonderland In
98.2%
Saturday ___ FeverNight
97.9%
Friends ___ BenefitsWith
96.6%
21 ___ StreetJump
96.4%
Tora! ___! Tora!Tora
96.3%
X___XX
96.2%
Driving ___ DaisyMiss
94.7%
Something's ___ GiveGotta
94.1%
Courage ___ FireUnder
92.9%
London ___ FallenHas
92.7%
Kramer __ KramerVs
92.7%
Dirty ___ ScoundrelsRotten
91.8%
Bullets ___ BroadwayOver
86.6%
Hint Answer % Correct
Herbie: ___ LoadedFully
85.9%
Grosse ___ BlankPointe
80.5%
Last ___ HeroAction
78.4%
Vicky ___ BarcelonaCristina
57%
Don't ___ TwiceKnock
51.6%
New ___ StoriesYork
48.4%
My ___ KaroQueen
45.2%
Black ___ MoanSnake
44.9%
Johnny ___ RebornEnglish
43.7%
Kiki's ___ ServiceDelivery
36.1%
The ___ DiariesZombie
35.2%
This ___ Life Boy's
31.2%
Inside ___ DavisLlewyn
26.1%

Today's Daily Dose

You're not logged in!

Compare scores with friends on all Sporcle quizzes.
Join for Free
OR
Log In

You Might Also Like...

Show Comments

Extras

Top Quizzes Today


Score Distribution

Your Account Isn't Verified!

In order to create a playlist on Sporcle, you need to verify the email address you used during registration. Go to your Sporcle Settings to finish the process.

Report this User

Report this user for behavior that violates our Community Guidelines.

Details: